Quizzes
Events
Quiz Creation
Community
Videos
Private Events
Remove Ads
Sign In
Join for FREE
Feedback
Dark Mode
Quiz Categories
Sports
Geography
Music
Movies
Television
Just For Fun
Miscellaneous
History
Literature
Language
Science
Gaming
Entertainment
Religion
Holiday
For Kids
Quiz Lab
Recent
Popular Today
Quiz Kudos Today
Editor Picks
Curator Picks
Quizzes by...
Day
Popularity
Type
Ratings
Length
Year
Community
Subscriptions
Recent Discussions
Orange Saloon
Badges
Playlists
Quests
Create
Leaderboards
Showdown
Live 5
Trivia Bingo
Activity
Puzzle Library
Sporcle Events
Private Events
Virtual Trivia
Globe League
Become a Host
Pub Owners
SporcleCon
Opinionation
Our Games
Videos
Blog
Mobile Apps
Partnerships
Remove Ads and Go Orange
Feedback
Sports
Athletes
MLB
NBA
NHL
NFL
Soccer
Sports Teams
WWE
NCAA
Football
Premier League
Basketball
Baseball
Hockey
Golf
Tennis
Cricket
Rugby
Auto Racing
Olympics
World Cup
Sports
Athletes
MLB
NBA
NHL
NFL
Soccer
Sports Teams
WWE
NCAA
Football
Premier League
Basketball
Baseball
Hockey
Golf
Tennis
Cricket
Rugby
Auto Racing
Olympics
World Cup
Random Quiz
Search Sporcle
×
Quiz Lab
Quiz Lab
Sports
Horse Racing
Type in answers that appear in a list
Type in answers that appear in a list
Classic
Best Score? Go Orange.
Cheltenham Festival 2012 Wining Jockeys Stats
Can you name the Cheltenham Festival 2012 Wining Jockeys?
By
bryen
5m
27 Questions
477 Plays
477 Plays
477 Plays
Comments
Comments
Give Quiz Kudos
Give Quiz Kudos
-
- Ratings
hide this ad
Replay
Link that replays current quiz
Next Quiz
Link to next quiz in quiz playlist
You Got
0%
They Got
Avg Score
58%
Avg Friend Score
Upgrade to see
Score Distribution
Jump to the score distribution portion of the page
Score
0/27
Timer
05:00
0
Plays Today
RACE
JOCKEY
% Correct
Mares Hurdle
Ruby Walsh
98.5%
World Hurdle
Ruby Walsh
98.5%
County Hurdle
AP McCoy
94.1%
Gold Cup Chase
AP McCoy
94.1%
Arkle
Barry Geraghty
86.4%
Neptune Novices Hurdle
Barry Geraghty
86.4%
RSA Chase
Barry Geraghty
86.4%
Queen Mother Champion Chase
Barry Geraghty
86.4%
Ryanair Chase
Barry Geraghty
86.4%
X-
Country
Richard Johnson
85.5%
Jewson Novices Chase
Davy Russell
73.8%
Champion Hurdle
Noel Fehily
67.3%
Champion Bumper
Patrick Mullins
64.8%
Supreme Novices
Jason Maguire
61.2%
RACE
JOCKEY
% Correct
Coral Cup
Jason Maguire
61.2%
Byrne Group Plate
Tom Scudamore
54.9%
Grand Annual
Paul Carberry
54.1%
JLT Specialty Handicap Chase
Richie McLernon
42.1%
National Hunt Chase
JT McNamara
39%
Albert Bartlett Hurdle
Campbell Gillies
33.1%
Pertemps Final
Denis O'Regan
31.9%
Fred Winter Handicap Chase
Jeremiah McGrath
24.5%
Triumph Hurdle
Dougie Costello
22.6%
Foxhunter Chase
CJ Sweeney
18.9%
Novices Handicap Chase
Nick Scholfield
18.4%
Fulke Walwyn Kim Muir
AJ Berry
13.2%
Martin Pipe Hurdle
Harry Hynes
4.8%
Quiz Playlist
Details
Report
Send in Message
Add To Playlist
Classic:
Type in answers that appear in a list
Quiz Source
Last Updated: Feb 16, 2017
Quiz Scoreboard
CHALLENGE
Sign Up to Join the Scoreboard
Show All
Scores
Hide
Comments
May contain spoilers
Recently Published
Presidents Visiting Landmarks
by Hejman
History
7m
An Introduction to Baseball
by treessimontrees
Sports
5m
Movies - When Are They Set?
by FPL_Elf
Movies
5m
More to Explore
Quiz From the Vault
Featured Blog Post
Where Did the Easter Bunny Come From?
hide this ad
You Might Also Like...
Tags
Cheltenham Festival
Horse Racing
Jockey
Today's Top Quizzes in Sports
Browse Sports
hide this ad
Today's Top Quizzes in Horse Racing
Browse Horse Racing
Top Contributed Quizzes in Sports
1
Les meilleurs buteurs des matchs entre le PSG et l’OM
2
2022 World Cup Stars
3
FIFA Club World Cup Champions
4
Les entraîneurs de l'OM et du PSG au 21e siècle
5
Name the Premier League winners with different clubs
6
La finale Lions - Afrique du Sud 2021
7
England Test cricketers to play under Nasser Hussain
8
5-to-1: UK Sports Teams
9
Les joueurs passés par le LOSC et le RC Lens
10
Criteria MLB: Left Handed Sluggers
Explore More
Trending Topics
Harry Potter
Disney
Anime
NBA
Marvel
Kpop
Crossword
WWE
Puzzle
NFL
Country
The Office
Pokémon
Song
Soccer
hide this ad
More By:
bryen
Quiz
Plays
Rating
Category
Featured
Created
100 Horse Racing Tracks By Race
782
5.00
Sports
Feb 15, 2013
Cheltenham Festival 2012 Wining Jockeys
477
5.00
Sports
Feb 10, 2013
Champions League Finalists 1993-2012
335
3.80
Sports
Feb 13, 2013
Liverpool FC Records Feb 2013
150
5.00
Sports
Feb 10, 2013
A-Z In 30 Seconds
148
2.33
Miscellaneous
Apr 5, 2013
Go to Creator's Profile
Score Distribution
Quiz Creator Spotlight
bryen
Follow
Send a Message
Quizzes Created
-
Created Quiz Play Count
-
More By This Creator
Popular Quizzes Today
1
Find the US States - No Outlines Minefield
2
Find the Countries of Europe - No Outlines Minefield
3
The Countries of the World
4
Find the US States
5
Popular People in 1961
6
US States
7
Risky Map Clicking: Biggest States A-Z
8
1-10 Letter E Words III
More Sports Quizzes
Edinson Cavani's Hat-trick XI's
Quiz Lab
Trending Quizzes
Risky Map Clicking: Least Populous States A-Z
1-10 Letter G Words
1-10 Letter F Words
One Thing in Common: United Kingdom
Risky Map Clicking: Next State Alphabetically
Recently Updated
Leaping Animals
pecheneg
Reality TV Shows (A-Z)
bhenderson79
Rickey Henderson's Hall of Fame Teammates
pecheneg
Champions League XIs: Arsenal
pecheneg
Quick Pick: Celebrities in WWE's Hall of Fame
aduchscher
A-Z Keypad Blitz II
pecheneg
Multiple Oscar Actors
pecheneg
Mystery Phrase Blitz: Oscar 'Best Actors'
pecheneg
F. Scott Fitzgerald Novels
LTH
Pick 3 Villains
ddd62291
Trending Topics
Harry Potter
Anime
Kpop
Crossword
NBA
Disney
Marvel
Soccer
The Office
Country
Song
WWE
Pokémon
NFL
Puzzle
Your Account Isn't Verified!
In order to create a playlist on Sporcle, you need to verify the email address you used during registration. Go to your
Sporcle Settings
to finish the process.
Report this User
Report this user for behavior that violates our
Community Guidelines
.
Details:
Send Report
Go to the Sporcle.com Mobile Site →
Comments